000 00450nam a2200181Ia 4500
001 44709
008 140428s9999 xx 000 0 und d
020 _aNA
040 _cPK-LaUMT
082 _aRHC 891.4394
_bANW-F
100 _aAnwar Sadeed
245 _aFikro khayaal (Urdu)
_cAnwar Sadeed
260 _aSargodha,Pakistan:
_bMaktaba Urd Zaban,
_c1971
300 _a255 p.
546 _aUR
650 _aPakistani literature-Urdu
942 _cBK
999 _c42689
_d42689